| 000 | 004700000a22001930004500 | ||
|---|---|---|---|
| 001 | 004656 | ||
| 003 | MACL | ||
| 005 | 20151007163800.0 | ||
| 008 | 151007b xxu||||| |||| 00| 0 eng d | ||
| 040 |
_aMACL _cMACL |
||
| 041 | _aEnglish | ||
| 082 | _a920 | ||
| 100 |
_aMendel, _914115 |
||
| 245 |
_aJhon And mary Gribbin _bIn 90 Minutes _cMendel |
||
| 260 |
_aHyderabad _c1997 _bUnivercities Press, |
||
| 350 | _a45 | ||
| 650 |
_aBiography _914116 |
||
| 942 |
_k920 _cBK _2ddc |
||
| 999 |
_c16543 _d16543 |
||